{"text_format":"3","workbook":"xls","n_sheets":1,"sheets":["Table S2"],"read":"whole","date_system":"1900","formulas":"cached_only"}

{"sheet":"Table S2","index":0,"n_rows":75,"n_cols":15,"rows_kept":75,"merged":[[0,0,0,14],[74,0,74,14]],"flags":["formulas_cached_only"]}
["Table S2. Characteristics of SNPs and their associations with primary hypertension."]
["other_allele.exposure","effect_allele.exposure","beta.exposure","se.exposure","eaf.exposure","samplesize.exposure","SNP","exposure","mr_keep.exposure","pval.exposure","pval_origin.exposure","id.exposure","data_source.exposure","R2","F"]
["G","A",0.00607011,0.000708376,0.337161,463010,"rs17035646","exposure",true,1.04e-17,"inferred","3WtNuy","textfile",1.65e-05,7.625426727]
["T","C",-0.00760518,0.00117836,0.088418,463010,"rs11801879","exposure",true,1.09e-10,"inferred","3WtNuy","textfile",9.32e-06,4.316959385]
["G","A",0.00437858,0.000783161,0.240027,463010,"rs7528118","exposure",true,2.26e-08,"inferred","3WtNuy","textfile",6.99e-06,3.238518382]
["C","A",0.00908223,0.00128186,0.073159,463010,"rs3790604","exposure",true,1.39e-12,"inferred","3WtNuy","textfile",1.12e-05,5.179422489]
["C","T",0.00399348,0.000721776,0.311877,463010,"rs17558745","exposure",true,3.15e-08,"inferred","3WtNuy","textfile",6.85e-06,3.169377081]
["C","T",-0.00621895,0.000685911,0.617253,463010,"rs1275985","exposure",true,1.23e-19,"inferred","3WtNuy","textfile",1.83e-05,8.461270164]
["C","T",-0.00396663,0.000697055,0.356125,463010,"rs1918898","exposure",true,1.27e-08,"inferred","3WtNuy","textfile",7.22e-06,3.340942751]
["T","C",-0.00405057,0.00067765,0.431675,463010,"rs10804330","exposure",true,2.27e-09,"inferred","3WtNuy","textfile",8.05e-06,3.727416547]
["G","C",0.00387229,0.000687829,0.378129,463010,"rs346078","exposure",true,1.8e-08,"inferred","3WtNuy","textfile",7.05e-06,3.265108318]
["C","T",0.00493899,0.000670806,0.45231,463010,"rs2643826","exposure",true,1.8e-13,"inferred","3WtNuy","textfile",1.21e-05,5.595914034]
["G","A",0.0046448,0.000724649,0.678977,463010,"rs3821843","exposure",true,1.46e-10,"inferred","3WtNuy","textfile",9.4e-06,4.354595547]
["C","T",-0.00404117,0.000691984,0.626849,463010,"rs6766859","exposure",true,5.22e-09,"inferred","3WtNuy","textfile",7.64e-06,3.537395316]
["C","G",-0.00421033,0.000700993,0.347199,463010,"rs6822044","exposure",true,1.9e-09,"inferred","3WtNuy","textfile",8.04e-06,3.7206047]
["G","A",0.00955196,0.000733784,0.29184,463010,"rs13125101","exposure",true,9.74e-39,"inferred","3WtNuy","textfile",3.77e-05,17.46208382]
["C","A",-0.0047658,0.000825582,0.795291,463010,"rs7685862","exposure",true,7.8e-09,"inferred","3WtNuy","textfile",7.4e-06,3.424178001]
["T","A",0.00460601,0.000676769,0.417876,463010,"rs9330353","exposure",true,1e-11,"inferred","3WtNuy","textfile",1.03e-05,4.778984919]
["A","G",-0.00574699,0.000859728,0.183958,463010,"rs3796581","exposure",true,2.31e-11,"inferred","3WtNuy","textfile",9.92e-06,4.591291542]
["T","C",0.0053786,0.000678572,0.596328,463010,"rs12656497","exposure",true,2.26e-15,"inferred","3WtNuy","textfile",1.39e-05,6.448769625]
["T","C",-0.0134791,0.00240449,0.021882,463010,"rs56273825","exposure",true,2.07e-08,"inferred","3WtNuy","textfile",7.78e-06,3.60099007]
["T","C",0.00493043,0.000895057,0.165794,463010,"rs17615906","exposure",true,3.62e-08,"inferred","3WtNuy","textfile",6.72e-06,3.113387119]
["A","G",0.00392113,0.000679224,0.576646,463010,"rs6866614","exposure",true,7.79e-09,"inferred","3WtNuy","textfile",7.51e-06,3.475819251]
["T","C",-0.00692396,0.000688685,0.371105,463010,"rs7700842","exposure",true,8.83e-24,"inferred","3WtNuy","textfile",2.24e-05,10.3612525]
["A","G",-0.00472,0.000692322,0.366882,463010,"rs4412193","exposure",true,9.26e-12,"inferred","3WtNuy","textfile",1.03e-05,4.792013673]
["C","T",0.0041629,0.000709324,0.672304,463010,"rs1077394","exposure",true,4.39e-09,"inferred","3WtNuy","textfile",7.64e-06,3.535498028]
["A","C",0.00448797,0.000711841,0.322191,463010,"rs7763350","exposure",true,2.89e-10,"inferred","3WtNuy","textfile",8.8e-06,4.073267552]
["C","G",0.00621017,0.00067032,0.437225,463010,"rs9372846","exposure",true,1.96e-20,"inferred","3WtNuy","textfile",1.9e-05,8.787665032]
["A","T",-0.00824449,0.00127656,0.079876,463010,"rs6918911","exposure",true,1.06e-10,"inferred","3WtNuy","textfile",9.99e-06,4.626079458]
["A","T",-0.00776125,0.00129527,0.071202,463010,"rs62434129","exposure",true,2.07e-09,"inferred","3WtNuy","textfile",7.97e-06,3.688915955]
["C","T",0.0077937,0.00123046,0.079714,463010,"rs55730499","exposure",true,2.39e-10,"inferred","3WtNuy","textfile",8.91e-06,4.126360315]
["C","G",0.00652145,0.00103225,0.118398,463010,"rs11771259","exposure",true,2.65e-10,"inferred","3WtNuy","textfile",8.88e-06,4.110812016]
["T","C",0.00877999,0.0012761,0.926702,463010,"rs3735533","exposure",true,5.97e-12,"inferred","3WtNuy","textfile",1.05e-05,4.848900879]
["C","G",0.00642496,0.00110368,0.101304,463010,"rs6961048","exposure",true,5.84e-09,"inferred","3WtNuy","textfile",7.52e-06,3.480182461]
["C","T",0.0101555,0.00123821,0.081012,463010,"rs3918226","exposure",true,2.37e-16,"inferred","3WtNuy","textfile",1.54e-05,7.110284453]
["C","G",-0.00368047,0.000674799,0.548152,463010,"rs1870735","exposure",true,4.92e-08,"inferred","3WtNuy","textfile",6.71e-06,3.106857515]
["G","C",-0.00468068,0.0006864,0.598329,463010,"rs6991641","exposure",true,9.16e-12,"inferred","3WtNuy","textfile",1.05e-05,4.875863025]
["C","T",-0.0051363,0.000857013,0.204442,463010,"rs76452347","exposure",true,2.06e-09,"inferred","3WtNuy","textfile",8.58e-06,3.973424358]
["C","G",-0.00503873,0.000727902,0.299316,463010,"rs12258967","exposure",true,4.44e-12,"inferred","3WtNuy","textfile",1.06e-05,4.930800412]
["T","A",0.00481,0.00072477,0.303398,463010,"rs35587371","exposure",true,3.21e-11,"inferred","3WtNuy","textfile",9.78e-06,4.528040693]
["G","A",-0.00958081,0.000944429,0.145089,463010,"rs72831345","exposure",true,3.5e-24,"inferred","3WtNuy","textfile",2.28e-05,10.54358317]
["G","A",-0.00440961,0.000748548,0.271095,463010,"rs12263737","exposure",true,3.84e-09,"inferred","3WtNuy","textfile",7.68e-06,3.558071135]
["C","T",-0.0077192,0.00124218,0.07762,463010,"rs11191559","exposure",true,5.16e-10,"inferred","3WtNuy","textfile",8.53e-06,3.950483924]
["T","C",0.0134877,0.00244222,0.01942,463010,"rs12762222","exposure",true,3.34e-08,"inferred","3WtNuy","textfile",6.93e-06,3.207964484]
["G","C",0.00561289,0.000758592,0.735829,463010,"rs1801253","exposure",true,1.37e-13,"inferred","3WtNuy","textfile",1.22e-05,5.670990402]
["C","G",-0.00473099,0.000717266,0.684325,463010,"rs10749409","exposure",true,4.23e-11,"inferred","3WtNuy","textfile",9.67e-06,4.477435577]
["G","A",0.00580045,0.000859047,0.186914,463010,"rs12360772","exposure",true,1.46e-11,"inferred","3WtNuy","textfile",1.02e-05,4.735050574]
["A","T",0.0060027,0.00107194,0.110744,463010,"rs55670730","exposure",true,2.15e-08,"inferred","3WtNuy","textfile",7.1e-06,3.285956885]
["G","A",0.00441834,0.000700185,0.343347,463010,"rs11604462","exposure",true,2.79e-10,"inferred","3WtNuy","textfile",8.8e-06,4.075770942]
["G","C",0.00652925,0.00074143,0.715077,463010,"rs633185","exposure",true,1.29e-18,"inferred","3WtNuy","textfile",1.74e-05,8.043275572]
["C","T",-0.00522564,0.000668889,0.521082,463010,"rs568546","exposure",true,5.61e-15,"inferred","3WtNuy","textfile",1.36e-05,6.310599464]
["G","A",-0.00458701,0.00079658,0.226934,463010,"rs2728624","exposure",true,8.49e-09,"inferred","3WtNuy","textfile",7.38e-06,3.41819797]
["A","C",-0.00401239,0.000728434,0.297749,463010,"rs7297416","exposure",true,3.62e-08,"inferred","3WtNuy","textfile",6.73e-06,3.117240938]
["T","C",-0.0060921,0.000665312,0.517267,463010,"rs3184504","exposure",true,5.35e-20,"inferred","3WtNuy","textfile",1.85e-05,8.581878241]
["G","C",-0.00495279,0.000684503,0.381805,463010,"rs35443","exposure",true,4.63e-13,"inferred","3WtNuy","textfile",1.16e-05,5.361551076]
["C","T",0.00391874,0.000669546,0.479558,463010,"rs8042127","exposure",true,4.83e-09,"inferred","3WtNuy","textfile",7.67e-06,3.549181401]
["C","A",0.00471393,0.000670907,0.44312,463010,"rs2759315","exposure",true,2.12e-12,"inferred","3WtNuy","textfile",1.1e-05,5.077763677]
["G","T",0.00586179,0.000709748,0.325747,463010,"rs7497304","exposure",true,1.47e-16,"inferred","3WtNuy","textfile",1.51e-05,6.988578846]
["G","A",-0.00516325,0.000845642,0.196675,463010,"rs77924615","exposure",true,1.02e-09,"inferred","3WtNuy","textfile",8.42e-06,3.900397758]
["T","C",0.00389659,0.000677037,0.413548,463010,"rs12932686","exposure",true,8.65e-09,"inferred","3WtNuy","textfile",7.36e-06,3.409961761]
["A","G",0.0040277,0.00067826,0.404625,463010,"rs56094641","exposure",true,2.88e-09,"inferred","3WtNuy","textfile",7.82e-06,3.618923661]
["C","G",0.00389689,0.000680343,0.438777,463010,"rs35184780","exposure",true,1.02e-08,"inferred","3WtNuy","textfile",7.48e-06,3.462879249]
["A","G",0.00429544,0.000691113,0.366921,463010,"rs16948048","exposure",true,5.12e-10,"inferred","3WtNuy","textfile",8.57e-06,3.968880324]
["T","A",-0.0039207,0.000690852,0.623299,463010,"rs4291","exposure",true,1.39e-08,"inferred","3WtNuy","textfile",7.22e-06,3.342274028]
["C","T",-0.00579903,0.00102685,0.859954,463010,"rs62089932","exposure",true,1.63e-08,"inferred","3WtNuy","textfile",8.1e-06,3.750409148]
["G","A",-0.00444907,0.000751777,0.269191,463010,"rs68096471","exposure",true,3.26e-09,"inferred","3WtNuy","textfile",7.79e-06,3.605992122]
["G","T",-0.0058173,0.000666621,0.472463,463010,"rs167479","exposure",true,2.63e-18,"inferred","3WtNuy","textfile",1.69e-05,7.810691191]
["T","C",-0.00399459,0.000682021,0.405754,463010,"rs2003476","exposure",true,4.71e-09,"inferred","3WtNuy","textfile",7.69e-06,3.562831886]
["A","T",-0.00749288,0.000775264,0.247296,463010,"rs6108171","exposure",true,4.25e-22,"inferred","3WtNuy","textfile",2.09e-05,9.677572606]
["A","G",0.00429115,0.000667351,0.476253,463010,"rs1327235","exposure",true,1.27e-10,"inferred","3WtNuy","textfile",9.19e-06,4.25333064]
["A","G",0.00418812,0.000671774,0.459301,463010,"rs6031435","exposure",true,4.53e-10,"inferred","3WtNuy","textfile",8.71e-06,4.033791674]
["A","T",0.00835569,0.00103214,0.119013,463010,"rs6026744","exposure",true,5.7e-16,"inferred","3WtNuy","textfile",1.46e-05,6.778808882]
["G","A",-0.0048929,0.000782966,0.237633,463010,"rs8118848","exposure",true,4.13e-10,"inferred","3WtNuy","textfile",8.67e-06,4.016296598]
["T","C",0.00387748,0.000672543,0.571316,463010,"rs162395","exposure",true,8.15e-09,"inferred","3WtNuy","textfile",7.36e-06,3.409843785]
["se, standard error; eaf, effect allele frequency; SNP, single nucleotide polymorphism; pval, P value; F, the F statistic for each SNP, was calculated as: F=R2×(n-2)/(1-R2)"]